000 00274nam a22001217a 4500
008 170704b xxu||||| |||| 00| 0 eng d
041 _aeng
080 _a05
100 _a22
101 _aGJL
245 _aTHE ALLUN & BACON GUIDE TO WRITING
_cRAMAGE, J,D
942 _2udc
_cBK
999 _c19885
_d19885